[Event "Antioquia Region-ch U1800"]
[Site "Medellin"]
[Date "2009.09.??"]
[Round "5.2"]
[White "Zapata, William"]
[Black "Escobar, Jesus"]
[Result "1/2-1/2"]
[WhiteElo "1594"]
[BlackElo "1777"]
[PlyCount "24"]
[EventDate "2009.09.08"]
[EventType "tourn"]
[EventRounds "7"]
[EventCountry "COL"]
[SourceTitle "EXT 2024"]
[Source "ChessBase"]
[SourceDate "2023.10.10"]
[SourceVersion "1"]
[SourceVersionDate "2023.10.10"]
[SourceQuality "1"]

1. e4 c5 2. Nf3 e6 3. d4 cxd4 4. Nxd4 a6 5. Be2 Nf6 6. Qd3 d5 7. e5 Ne4 8. 0-0 Nc6 9. Nxc6 bxc6 10. Nd2 Nxd2 11. Qxd2 Be7 12. c3 0-0 1/2-1/2